Trồng trọt đại cương
Quyển giáo trình giới thiệu đại cương về cây trồng, khí hậu, đất trồng trọt, phân bón. Hệ thống cây trồng và luân canh, các cách chọn giống và phương pháp gieo trồng, phòng trừ dịch hại cây trồng...
Gorde:
| Egile nagusia: | |
|---|---|
| Formatua: | Liburua |
| Hizkuntza: | Undetermined |
| Argitaratua: |
Hà Nội
Nông nghiệp
2002
|
| Gaiak: | |
| Etiketak: |
Etiketa erantsi
Etiketarik gabe, Izan zaitez lehena erregistro honi etiketa jartzen!
|
| Thư viện lưu trữ: | Trung tâm Học liệu Trường Đại học Cần Thơ |
|---|
| LEADER | 00849nam a2200205Ia 4500 | ||
|---|---|---|---|
| 001 | CTU_110854 | ||
| 008 | 210402s9999 xx 000 0 und d | ||
| 020 | |c 27000 | ||
| 082 | |a 631 | ||
| 082 | |b B312 | ||
| 100 | |a Hà, Thị Thanh Bình | ||
| 245 | 0 | |a Trồng trọt đại cương | |
| 245 | 0 | |c Hà Thị Thanh Bình (chủ biên) | |
| 260 | |a Hà Nội | ||
| 260 | |b Nông nghiệp | ||
| 260 | |c 2002 | ||
| 520 | |a Quyển giáo trình giới thiệu đại cương về cây trồng, khí hậu, đất trồng trọt, phân bón. Hệ thống cây trồng và luân canh, các cách chọn giống và phương pháp gieo trồng, phòng trừ dịch hại cây trồng | ||
| 650 | |a Agriculture | ||
| 904 | |i Minh | ||
| 980 | |a Trung tâm Học liệu Trường Đại học Cần Thơ | ||